000 00400nam a22001577a 4500
005 20250411103151.0
008 220215b ||||| |||| 00| 0 eng d
020 _a9789331392609
041 _aeng
082 _a954.092
_bSRI-M
100 _aSRIVASTAVA , DR KAMAL S
_97145
245 _aMAHARANA PRATAP
260 _aNEW DELHI
_bA.P.H PUBLICATION
_c2019
650 _aPHARMACY
_xB.PHARMA
942 _cBK
999 _c7964
_d7962